000 00347nam a2200133Ia 4500
005 20260328101505.0
008 260328s9999||||xx |||||||||||||| ||und||
100 _aForsee, Aylesa
245 0 _aFrank Lloyd Wright :
_b Rebel in concrete /
_cAylesa Forsee
260 _bMacrae Smith Company
300 _a151 p.
650 _aARQUITECTOS
942 _cBK
999 _c9015
_d9015